| 000 | 02923nam0a2200469 4500 | ||
|---|---|---|---|
| 001 | RU\NLR\BIBL_A\012449916 | ||
| 005 | 20260607041551.0 | ||
| 010 |
_a978-5-288-06023-6 _9500 |
||
| 021 |
_aRU _bКН-П-20-055947 _9КН-П-20-4170 |
||
| 035 | _a(NLR Aleph) 012449916 | ||
| 035 | _a(RuMoRGB)010428336 | ||
| 090 |
_a11970357 _c11970357 |
||
| 100 | _a20210210d2020 k y0rusy50 ca | ||
| 101 | 0 |
_arus _deng _eeng |
|
| 102 | _aRU | ||
| 105 | _aach|z|||011zd | ||
| 181 | 0 |
_ai _baxxe |
|
| 182 | 0 | _an | |
| 200 | 1 |
_aЮрий Александрович Филипченко и его окружение _eк 100-летию основания кафедры генетики и экспериментальной зоологии в Петроградском университете _fСергей Фокин, Илья Захаров-Гезехус _gпод редакцией С.И. Фокина _gСанкт-Петербургский государственный университет |
|
| 203 |
_aТекст _bвизуальный _cнепосредственный |
||
| 210 |
_aСанкт-Петербург _cИзд-во Санкт-Петербургского университета _d2020 |
||
| 215 |
_a335 с., [21] л. ил., портр., факс. _cил. _d22 |
||
| 300 | _aНа 327-й с. авт.: Фокин С.И., д-р биол. наук, проф., Захаров-Гезехус И.А., д-р биол. наук, проф., чл.-кор. РАН, засл. деят. науки | ||
| 300 | _aРез. англ. | ||
| 320 | _aБиблиогр. в конце гл. и в подстроч. примеч. | ||
| 320 | _aИмен. указ.: с. 313-318 | ||
| 320 | _aИмен. указ. для фот.: с. 319-321 | ||
| 320 | _aУказ. фот.: c. 322-326 | ||
| 600 | 1 |
_aФилипченко _bЮ. А. _f1882 - 1930 _gЮрий Александрович _91407512 _3RU\NLR\AUTH\66280827 |
|
| 601 | 0 | 2 |
_aПетроградский университет _bКафедра генетики и экспериментальной зоологии _92468714 _3RU\NLR\AUTH\6601683487 |
| 686 | 1 | _aЕ04д(2)Филипченко | |
| 686 | 1 | _aЧ488.584(28)7 | |
| 686 | 1 | _aЧ484(2)7-8Филипченко | |
| 700 | 1 |
_7ca _8rus _aФокин _bС. И. _f1952- _gСергей Иванович _934828 _3RU\NLR\AUTH\7751895 |
|
| 701 | 1 |
_8rus _7ca _aЗахаров _bИ. А. _cд-р биол. наук _f1934- _gИлья Артемьевич _3RU\NLR\AUTH\7719403 _92475 |
|
| 702 | 1 |
_4570 _7ca _8rus _aФилипченко _bЮ. А. _f1882-1930 _gЮрий Александрович _9227167 _3RU\NLR\AUTH\770227223 |
|
| 942 | _cBOOK | ||
| 980 | _aNBR | ||
| 980 | _aNB | ||